| 000 -LEADER |
| fixed length control field |
00688nam a2200217Ia 4500 |
| 001 - CONTROL NUMBER |
| control field |
14161 |
| 003 - CONTROL NUMBER IDENTIFIER |
| control field |
GE_BSU |
| 008 - FIXED-LENGTH DATA ELEMENTS--GENERAL INFORMATION |
| fixed length control field |
181216s||||||||xx |||||||||||||| ||und|| |
| 040 ## - CATALOGING SOURCE |
| Transcribing agency |
GE_BSU |
| 080 ## - UNIVERSAL DECIMAL CLASSIFICATION NUMBER |
| Universal Decimal Classification number |
539.316(07) |
| 100 ## - MAIN ENTRY--PERSONAL NAME |
| Personal name |
Рубашкин,А.Г. |
| 245 ## - TITLE STATEMENT |
| Title |
Лабораторные работы по сопротивлению материалов. |
| 245 ## - TITLE STATEMENT |
| Statement of responsibility, etc. |
Ред. Ю.Ф.Бачарова. |
| 250 ## - EDITION STATEMENT |
| Edition statement |
Изд. второе. |
| 260 ## - PUBLICATION, DISTRIBUTION, ETC. |
| Place of publication, distribution, etc. |
М. |
| 260 ## - PUBLICATION, DISTRIBUTION, ETC. |
| Name of publisher, distributor, etc. |
Высшая школа. |
| 260 ## - PUBLICATION, DISTRIBUTION, ETC. |
| Date of publication, distribution, etc. |
1966. |
| 300 ## - PHYSICAL DESCRIPTION |
| Extent |
167 стр. 21 см. с илл. |
| 653 ## - INDEX TERM--UNCONTROLLED |
| Uncontrolled term |
Лабораторные работы по сопротивлению материалов. |
| 942 ## - ADDED ENTRY ELEMENTS (KOHA) |
| Koha item type |
წიგნი |